000 01244nam a2200313Ia 4500
001 ebr10096210
003 CaPaEBR
006 m u
007 cr cn|||||||||
008 030917s2004 enka sb 001 0 eng d
020 _z1859590969 (pbk.)
040 _aCaPaEBR
_cCaPaEBR
035 _a(OCoLC)559926136
050 1 4 _aRC685.C6
_bC88 2004eb
082 0 4 _a616.12305
_222
100 1 _aCutting, Derrick.
245 1 0 _aStop that heart attack!
_h[electronic resource] /
_cDerrick Cutting ; with cartoons by Maddocks.
250 _a3rd ed., fully revised and updated.
260 _aLondon :
_bClass,
_c2004.
300 _axiv, 378 p. :
_bill.
500 _aPrevious ed.: 2001.
504 _aIncludes bibliographical references and index.
533 _aElectronic reproduction.
_bPalo Alto, Calif. :
_cebrary,
_d2009.
_nAvailable via World Wide Web.
_nAccess may be limited to ebrary affiliated libraries.
650 0 _aCoronary heart disease
_xDiet therapy.
650 0 _aCoronary heart disease
_xPrevention
_vPopular works.
655 7 _aElectronic books.
_2local
710 2 _aebrary, Inc.
856 4 0 _uhttp://site.ebrary.com/lib/rucke/Doc?id=10096210
_zAn electronic book accessible through the World Wide Web; click to view
999 _c194644
_d194644